LEADER 01118nam a2200229 a 4500 001 000000121720 003 CaOOAMICUS 005 20100512133945.0 008 100512s1914 fr u000 u fre r 040 $aPUL$bita$dMCT 100 1 $aFarges, Albert,$csac.,$d1848-1926.$0(OLS)http://pul/name/3863 245 13$aLa philosophie de m. Bergson, professeur au Collège de France : exposé et critique /$cpar Mgr Albert Farges ; ouvrage honoré d'une lettre de S. Em. le cardinal Merry Del Val. 250 $a2ème éd. augmentée d'une réponse aux critiques de la presse. 260 $aParis :$b[s.n.],$c1914. 300 $a527 p. ;$c21 cm 504 $aNote bibliografiche. 600 14$aBergson, Henri,$d1859-1941$xFilosofia.$0(OLS)http://pul/subject/1803 850 $aPUL 852 $aPUL$W1$xDP1 Filosofia 1$y19$m590 G 7$j139706$qStampati$B138896$CPULBib$Z2$F138896 $H38256 $82 941 1 $a8 996 $6245$aLa philosophie de m. Bergson, professeur au Collège de France : exposé et critique$9(OLS)http://pul/title/153139 996 $6260$aParis :$b[s.n.]$9(OLS)http://pul/publisher/47948 LEADER 01462nam a2200301 u 4500 001 000000113731 003 CaOOAMICUS 005 20081103113613.0 008 081103s2008 it u000 u ita r 020 $z978-88-430-4732-1* 040 $aPUL$bita$dLDB 100 1 $aGianotto, Claudio.$0(OLS)http://pul/name/13898 245 12$aL'enigma Gesù :$bfonti e metodi della ricerca storica /$cClaudio Gianotto, Enrico Norelli, Mauro Pesce. 260 $aRoma :$bCarocci,$c2008. 300 $a127 p. ;$c21 cm. 490 1 $aNeg-otia. Piccola biblioteca del Dipartimento di studi storico-religiosi ;$v01 490 1 $aBiblioteca di testi e studi ;$v457 600 04$aIesus Christus$xStoricità.$0(OLS)http://pul/subject/8558 700 1 $aNorelli, Enrico.$0(OLS)http://pul/name/379 700 1 $aPesce, Mauro.$0(OLS)http://pul/name/2149 830 0$aNeg-otia. Piccola biblioteca del Dipartimento di studi storico-religiosi ;$v01.$0(OLS)http://pul/title/142913 830 0$aBiblioteca di testi e studi (Carocci) ;$v457.$0(OLS)http://pul/title/156694 850 $aPUL 852 $aPUL$W1$xSL Religione 3$y85$m232. 9 GIACL 1$j129938$qDDC 21$B129005$CPULBib$Z2$F129005 $H108671 $82 941 1 $a9 996 $6020$z978-88-430-4732-1*$9(OLS)http://pul/number/139061 996 $6245$aL'enigma Gesù :$bfonti e metodi della ricerca storica$9(OLS)http://pul/title/142914 996 $6260$aRoma :$bCarocci$9(OLS)http://pul/publisher/66917